DC Comics Minimates Quiz Stats

Quiz not verified by Sporcle

Challenge
Share
Tweet
Embed
Score 0/65 Timer 05:00
0 Plays Today
Series Character % Correct
Series 1Batman (modern)
99%
Series 3Batman (damaged)
99%
Series 7Batman (classic)
99%
Series 1Superman (classic)
97%
Series 2Superman (damaged)
97%
Series 8Superman (Red Son)
97%
Series 3Wonder Woman
96%
Series 6Wonder Woman (damaged)
96%
Series 8Wonder Woman (Red Son)
96%
Series 4Flash (Jay Garrick)
94.1%
Series 7Flash (Wally West)
94.1%
Series 2Robin
92.1%
Series 1Joker
88.1%
Series 1Lex Luthor
82.2%
Series 3Aquaman
81.2%
Series 3Green Arrow
77.2%
Series 6Supergirl
74.3%
Series 4Batgirl
73.3%
Series 5Hawkman
68.3%
Series 2Penguin
65.3%
Series 7Nightwing
65.3%
Series 8Cyborg
65.3%
Series 1Green Lantern (Hal Jordan)
58.4%
Series 5Hawkgirl
56.4%
Series 7Starfire
56.4%
Series 8Raven
55.4%
Series 5Captain Marvel
54.5%
Series 4Bane
53.5%
ExclusiveJohn Stewart
50.5%
Series 8Sinestro
48.5%
Series 2Blue Beetle
45.5%
Series 6Cheetah
45.5%
Series 5Red Tornado
44.6%
Series Character % Correct
Series 1Harley Quinn
41.6%
Series 7Gorilla Grodd
41.6%
Series 2Power Girl
40.6%
Series 2Dr. Fate
39.6%
Series 2Booster Gold
38.6%
Series 4Wildcat
37.6%
Series 3Deathstroke
33.7%
Series 6Bizarro
30.7%
Series 3Killer Croc
29.7%
Series 4Spectre
29.7%
Series 8Batwoman
29.7%
Series 3Ares
27.7%
Series 4Steel
27.7%
Series 5Mary Marvel
26.7%
Series 5Guy Gardner
25.7%
Series 8Question
25.7%
Series 5Ma Hunkel
23.8%
Series 7Clayface
23.8%
Series 2Brainiac 13
20.8%
Series 5Kilowog
20.8%
Series 6Stargirl
20.8%
Series 4Cyborg Superman
19.8%
Series 4Deadman
18.8%
Series 3Ocean Master
17.8%
Series 7Lobo
17.8%
Series 1Star Sapphire
16.8%
Series 6STRIPE
16.8%
Series 8Salaak
12.9%
Series 1OMAC
11.9%
Series 6Sgt. Rock
11.9%
Series 6Blackhawk
9.9%
Series 7Ambush Bug
8.9%

You're not logged in!

Compare scores with friends on all Sporcle quizzes.
Join for Free
OR
Log In

You Might Also Like...

Show Comments

Extras

Top Quizzes Today


Score Distribution

Your Account Isn't Verified!

In order to create a playlist on Sporcle, you need to verify the email address you used during registration. Go to your Sporcle Settings to finish the process.

Report this User

Report this user for behavior that violates our Community Guidelines.

Details: